000
00383nam a22001577a 4500
003
MPLRDC
005
20220104151501.0
008
210129b ||||| |||| 00| 0 eng d
082
_a
411.7 ZYL
100
_a
赵玉麟编
245
_a
瑜珈式健康进食
_c
260
_a
_b
树敦有限公司
_c
1988
300
_b
平
650
_a
身体活动--瑜珈
942
_c
BK
_o
411.7 ZYL
999
_c
52399
_d
52389